Daň z príjmov

Ukončenie štúdia a daňový bonus. Podmienky uplatnenia daňového bonusu všeobecne. Výška daňového bonusu v roku 2015.

Salvato in:
Dettagli Bibliografici
Autore principale: Oravcová, Martina
Natura: Capitolo di libro
Lingua:slovacco
Soggetti:
Tags: Aggiungi Tag
Nessun Tag, puoi essere il primo ad aggiungerne!!

MARC

LEADER 00000naa a2200000 4500
001 0205279
005 20231114112546.7
041 0 |a slo 
044 |a SK 
245 1 0 |a Daň z príjmov  |c Martina Oravcová 
520 |a Ukončenie štúdia a daňový bonus. Podmienky uplatnenia daňového bonusu všeobecne. Výška daňového bonusu v roku 2015. 
610 2 0 |a zvýhodnenie daňové 
610 2 0 |a štúdium denné 
610 2 0 |a štúdium vysokoškolské 
100 1 |a Oravcová, Martina